French Departments by Borders in 90 Seconds - Statistics

General Stats
  • This quiz has been taken 782 times
  • The average score is 67 of 101
Answers on the Map
Answers color-coded by a green-red scale on the quiz's map according to % correct below.
 
Answer Stats
Départements % Correct
38 Isère
92%
71 Saône-et-Loire
91%
42 Loire
90%
92 Hauts-de-Seine
89%
69 Rhône (et métropole de Lyon)
89%
94 Val-de-Marne
89%
93 Seine-Saint-Denis
88%
75 Paris
87%
01 Ain
86%
03 Allier
81%
07 Ardèche
79%
63 Puy-de-Dôme
79%
43 Haute-Loire
77%
17 Charente-Maritime
74%
77 Seine-et-Marne
74%
80 Somme
74%
02 Aisne
73%
47 Lot-et-Garonne
73%
59 Nord
73%
28 Eure-et-Loir
72%
51 Marne
72%
24 Dordogne
71%
33 Gironde
71%
40 Landes
71%
04 Alpes-de-Haute- Provence
70%
45 Loiret
70%
58 Nièvre
70%
84 Vaucluse
70%
88 Vosges
70%
18 Cher
69%
27 Eure
69%
39 Jura
69%
60 Oise
69%
62 Pas-de-Calais
69%
73 Savoie
69%
08 Ardennes
68%
67 Bas-Rhin
68%
52 Haute-Marne
68%
87 Haute-Vienne
68%
54 Meurthe-et-Moselle
68%
61 Orne
67%
83 Var
67%
12 Aveyron
66%
13 Bouches-du-Rhône
66%
23 Creuse
66%
91 Essonne
66%
56 Morbihan
66%
11 Aude
65%
14 Calvados
65%
21 Côte-d'Or
65%
22 Côtes-d'Armor
65%
30 Gard
65%
32 Gers
65%
41 Loir-et-Cher
65%
50 Manche
65%
55 Meuse
65%
76 Seine-Maritime
65%
95 Val-d'Oise
65%
89 Yonne
65%
19 Corrèze
64%
79 Deux-Sèvres
64%
70 Haute-Saône
64%
74 Haute-Savoie
64%
35 Ille-et-Vilaine
64%
2A | 2B Corse
63%
29 Finistère
63%
05 Hautes-Alpes
63%
36 Indre
63%
44 Loire-Atlantique
63%
78 Yvelines
63%
34 Hérault
62%
46 Lot
62%
49 Maine-et-Loire
62%
81 Tarn
62%
86 Vienne
62%
06 Alpes-Maritimes
61%
10 Aube
61%
26 Drôme
61%
31 Haute-Garonne
61%
68 Haut-Rhin
61%
82 Tarn-et-Garonne
61%
16 Charente
60%
15 Cantal
59%
53 Mayenne
59%
64 Pyrénées-Atlantiques
59%
90 Territoire de Belfort
58%
09 Ariège
57%
25 Doubs
57%
973 Guyane
57%
48 Lozère
57%
57 Moselle
57%
37 Indre-et-Loire
56%
72 Sarthe
54%
85 Vendée
54%
65 Hautes-Pyrénées
50%
66 Pyrénées-Orientales
50%
974 La Réunion
47%
972 Martinique
47%
971 Guadeloupe
44%
976 Mayotte
41%
No matching quizzes found
Score Distribution
Percent of People with Each Score
Percentile by Number Answered
Your Score History
You have not taken this quiz